| 000 | 00725nam a2200169 4500 | ||
|---|---|---|---|
| 003 | CO-ViMGA | ||
| 040 |
_aCO-ViMGA _bspa _cCO-ViMGA |
||
| 082 | 0 | 4 |
_a027.4 _bA511 |
| 111 |
_aColoquio Distrital de Gestión de Bibliotecas Comunitarias, Tendencias y Desafíos _cBogotá : _d2011 _92183 |
||
| 245 | 1 | 0 | _a1er Coloquio Distrital Gestión de Bibliotecas Comunitarias, Tendencias y Desafíos : memorias, 23 y 24 de junio de 2011 |
| 250 | _a1a. ed. | ||
| 260 |
_aBogotá : _bBiblored, _c2011 |
||
| 300 |
_a118 p. ; _b 22 cm |
||
| 650 | 1 | 4 |
_aAdministración de bibliotecas públicas- _vCongresos, conferencias, etc. _zColombia- _92185 |
| 650 | 1 | 4 |
_aBibliotecas comunitarias- _vCongresos, conferencias, etc.- _zColombia _92184 |
| 942 |
_2ddc _cBK |
||
| 999 |
_c33723 _d33723 |
||